000 004290000a22001690004500
003 MACL
005 20160101120622.0
008 160101b xxu||||| |||| 00| 0 eng d
040 _aMACL
_cMACL
041 _aEnglish
082 _a339.4/SMI
100 _aSmiles, Samuel
_95013
245 _aThrift
_bA Book of Domestic Counsel
260 _bJohn Murray
_c1907
_aLondon
650 _aEconomics
_926190
942 _cBK
_k339.4/SMI
_2ddc
999 _c38419
_d38419